000 01515nam2a2200241 4500
001 RU\NLR\BIBL_A\022279406
005 20250625183354.0
035 _a(NLR Aleph) 022279406
090 _a12386626
_c12386626
100 _a20060620d1891 |||y0rusy50 ca
101 0 _arus
102 _aRU
105 _aa z 001yy
200 1 _a[Мировые и городские судьи и председатели верхних крестьянских судов Прибалтийских губерний]
_eисправлен по 2 февраля
210 _d1891
_aБ. м.
215 _a[2], V, [3], 207, II, III, [1], XXX c.
_cтабл.
_d23
316 _aЭкз. РНБ с рукоп. пометами в тексте, на форзаце: "Для приемнаго Кабинета Его Превосходительства Г. Заведывающаго Канцеляриею"
_5NLR
320 _aАлф. указ.: с. I-XXX 5-й паг.
461 0 _1001v19\rc\1444230
_12001#$aСписок чинам ведомства Министерства юстиции$v1891, ч. 3
_92599733
_aРоссия. Министерство юстиции
_cСанктпетербург [Санкт-Петербург]
_d1872-1913
_nпечатано в Типографии Правительствующаго Сената
_tСписок чинам ведомства Министерства юстиции
_v1891, ч. 3
852 _aNLR
_j19.129.1.1(1891-3)
942 _cBOOK
980 _aNB